Thank you, Wodehouse /

Bibliographic Details
Main Author: Morris, J. H. C., 1910-1984
Other Authors: Macintyre, Angus D.
Format: Book
Language:English
Published: New York : St. Martin's, [1981]
Edition:1st ed.
Subjects:

MARC

Tag First Indicator Second Indicator Subfields
LEADER 00000cam a22000008a 4500
001 in00000074948
005 20151008054833.0
008 811007s1981 nyu 00110 eng
010 |a  81016751  
020 |a 0312794940 :  |c $11.95 
035 |a (OCoLC)07922992 
035 |9 AAJ1824AM 
039 0 |a 2  |b 3  |c 3  |d 3  |e 3 
040 |a DLC  |c DLC  |d TXA  |d UtOrBLW 
049 |a TXAM  |c 1 [1387362]  
050 0 0 |a PR6045.O53  |b Z79 1981 
082 0 |a 823/.912  |2 19 
100 1 |a Morris, J. H. C.,  |d 1910-1984. 
245 1 0 |a Thank you, Wodehouse /  |c J.H.C. Morris ; with contributions by A.D. Macintyre ; introduction by Frances Donaldson. 
250 |a 1st ed. 
263 |a 8202 
264 1 |a New York :  |b St. Martin's,  |c [1981] 
264 4 |c ©1981 
300 |a 152 pages ;  |c 23 cm. 
336 |a text  |b txt  |2 rdacontent 
337 |a unmediated  |b n  |2 rdamedia 
338 |a volume  |b nc  |2 rdacarrier 
500 |a Includes index. 
600 1 0 |a Wodehouse, P. G.  |q (Pelham Grenville),  |d 1881-1975  |x Appreciation. 
700 1 |a Macintyre, Angus D. 
999 |a MARS 
999 f f |s cf2c6080-c34f-3307-b0b1-9a64d4598e6a  |i db041211-cfdd-3f2a-b4ca-5cd937e92338  |t 0 
952 f f |p noncirc  |a Texas A&M University  |b College Station  |c Cushing Memorial Library & Archives  |d Cushing: Literature/Wodehouse (Does not check out)  |t 0  |e PR6045.O53 Z79 1981  |h Library of Congress classification  |i unmediated -- volume 
952 f f |p ric  |a Texas A&M University  |b Rellis Campus  |c Joint Library Facility  |d Remote Storage  |t 0  |e PR6045.O53 Z79 1982  |h Library of Congress classification  |i unmediated -- volume  |m A14806187378 
998 f f |a PR6045.O53 Z79 1982  |t 0  |l Remote Storage 
998 f f |a PR6045.O53 Z79 1981  |t 0  |l Cushing: Literature/Wodehouse (Does not check out)